| 000 | 00597nam a2200205Ia 4500 | ||
|---|---|---|---|
| 008 | 240729s9999 xx 000 0 und d | ||
| 022 | _a2764-8044 | ||
| 245 | 0 | _aBrazilian Journal of Geophysics | |
| 260 | _aBrazil | ||
| 260 | _bBrazilian Geophysical Society - SBGf | ||
| 650 | _a Geomagnetism | Geography. Anthropology. Recreation | ||
| 650 | _a Geophysics. Cosmic physics | Science | ||
| 650 | _a Oceanography | ||
| 650 | _a Physics | ||
| 650 | _a Physics | ||
| 650 | _aScience | ||
| 856 | _uhttps://doaj.org/toc/f67b64d5b48f4a5998d64d013a0cb690 | ||
| 942 | _2ddc | ||
| 942 | _cDOAJEJ | ||
| 999 |
_c74661 _d74661 |
||
| 945 |
_a1 _bMadushi Gamage _c1 _dMadushi Gamage |
||